[Event "World Rapid 2019"]
[Site "Moscow RUS"]
[Date "2019.12.28"]
[Round "11.60"]
[White "Kobalia, Mikhail"]
[Black "Abdusattorov, Nodirbek"]
[Result "1-0"]
[WhiteTitle "GM"]
[BlackTitle "GM"]
[WhiteElo "2609"]
[BlackElo "2635"]
[WhiteFideId "4119150"]
[BlackFideId "14204118"]
[EventDate "2019.12.26"]

1. e4 e5 2. Nf3 Nc6 3. Bc4 Bc5 4. O-O Nf6 5. d3 d6 6. a4 a6 7. h3 Ba7 8. Re1 O-O
9. Nbd2 Re8 10. c3 Be6 11. b4 d5 12. exd5 Bxd5 13. Qb3 b5 14. Bxd5 Qxd5 15. axb5
axb5 16. c4 bxc4 17. dxc4 Qd7 18. c5 e4 19. Ng5 Rab8 20. Ndxe4 Nxe4 21. Nxe4 Qf5
22. Qc4 Re6 23. Bd2 Ne5 24. Qc3 Nc6 25. Ng3 Qd5 26. Rxe6 fxe6 27. Qe3 Rd8 28.
Bc3 Bb8 29. Re1 e5 30. Nf5 Rf8 31. Qg5 Qd7 32. g4 Kh8 33. b5 Nd8 34. Rxe5 Rf7
35. c6 1-0

[Event "World Rapid 2019"]
[Site "Moscow RUS"]
[Date "2019.12.28"]
[Round "11.61"]
[White "Indjic, Aleksandar"]
[Black "Zarubitski, Viachaslau"]
[Result "1-0"]
[WhiteTitle "GM"]
[BlackTitle "IM"]
[WhiteElo "2619"]
[BlackElo "2451"]
[WhiteFideId "911925"]
[BlackFideId "13509373"]
[EventDate "2019.12.26"]

1. c4 c6 2. Nf3 d5 3. e3 Nf6 4. Nc3 g6 5. Qa4 Nbd7 6. cxd5 Nb6 7. Qc2 Nbxd5 8.
a3 Bg7 9. d4 Bf5 10. Bd3 Bxd3 11. Qxd3 O-O 12. Ne2 c5 13. O-O cxd4 14. Nexd4 Rc8
15. e4 Nb6 16. e5 Nfd5 17. Re1 Qc7 18. Qe4 Qc4 19. Qh4 Rfd8 20. Bh6 Nc7 21. Re4
Qd5 22. Rae1 Ne8 23. Bxg7 Nxg7 24. Qh6 Nd7 25. e6 fxe6 26. Rxe6 Nf6 27. Rxe7
Ngh5 28. g4 Re8 29. gxh5 1-0

[Event "World Rapid 2019"]
[Site "Moscow RUS"]
[Date "2019.12.28"]
[Round "11.62"]
[White "Petrosyan, Manuel"]
[Black "Kezin, Roman"]
[Result "1-0"]
[WhiteTitle "GM"]
[BlackTitle "IM"]
[WhiteElo "2613"]
[BlackElo "2470"]
[WhiteFideId "13300857"]
[BlackFideId "24124621"]
[EventDate "2019.12.26"]

1. c4 e6 2. Nf3 d5 3. e3 Nf6 4. b3 Be7 5. Bb2 O-O 6. Nc3 b6 7. cxd5 exd5 8. Rc1
c5 9. d4 Bb7 10. Be2 Nbd7 11. O-O Rc8 12. Ne5 a6 13. Bf3 Nxe5 14. dxe5 Ne4 15.
Bxe4 dxe4 16. Qg4 f5 17. exf6 Bxf6 18. Qe6+ Rf7 19. Rcd1 Qc7 20. Rd2 Kh8 21.
Rfd1 Re7 22. Qg4 Rf8 23. h3 b5 24. Rd7 Rxd7 25. Rxd7 Qc6 26. Rd2 c4 27. b4 Re8
28. a3 Bc8 29. Qh5 Rf8 30. Qd1 Be6 31. Rd6 Qc8 32. Ba1 Be5 33. Nxe4 Bxd6 34.
Qxd6 Bf5 35. Qe7 Rg8 36. Nd6 1-0

[Event "World Rapid 2019"]
[Site "Moscow RUS"]
[Date "2019.12.28"]
[Round "11.63"]
[White "Potkin, Vladimir"]
[Black "Suleymanli, Aydin"]
[Result "0-1"]
[WhiteTitle "GM"]
[BlackTitle "IM"]
[WhiteElo "2583"]
[BlackElo "2473"]
[WhiteFideId "4131061"]
[BlackFideId "13413937"]
[EventDate "2019.12.26"]

1. c4 e5 2. Nc3 Bb4 3. Nd5 Bc5 4. Nf3 e4 5. d4 Bf8 6. Ng5 c6 7. Nc3 d5 8. cxd5
cxd5 9. Qb3 Nf6 10. e3 Nc6 11. Bd2 h6 12. Nh3 g5 13. f3 exf3 14. gxf3 a6 15. Nf2
Be6 16. h4 Rg8 17. hxg5 hxg5 18. Na4 b5 19. Qc3 Rc8 20. Nc5 Bxc5 21. dxc5 d4 22.
exd4 Qxd4 23. Bg2 Nd5 24. Qxd4 Nxd4 25. Rc1 Nf4 26. Bxf4 gxf4 27. Rh2 Rd8 28.
Ne4 Nxf3+ 29. Bxf3 Rg1+ 30. Kf2 Rxc1 31. Rh4 Rc2+ 32. Ke1 Ke7 33. Nc3 b4 34. Ne2
Rxc5 35. Nxf4 Rc1+ 36. Kf2 Rc2+ 37. Ke3 Rxb2 38. Nd3 Rxd3+ 39. Kxd3 a5 0-1

[Event "World Rapid 2019"]
[Site "Moscow RUS"]
[Date "2019.12.28"]
[Round "11.64"]
[White "Guliyev, Namig"]
[Black "Nozdrachev, Vladislav"]
[Result "1/2-1/2"]
[WhiteTitle "GM"]
[BlackTitle "IM"]
[WhiteElo "2548"]
[BlackElo "2494"]
[WhiteFideId "13400363"]
[BlackFideId "24113441"]
[EventDate "2019.12.26"]

1. e4 e5 2. Nf3 Nc6 3. Bb5 a6 4. Ba4 Nf6 5. O-O Bc5 6. Bxc6 dxc6 7. d3 Nd7 8.
Nbd2 O-O 9. Nc4 Re8 10. Bg5 Be7 11. Qd2 f6 12. Be3 Nf8 13. d4 exd4 14. Nxd4 c5
15. Nf5 Bxf5 16. exf5 Qxd2 17. Nxd2 Rad8 18. Rfd1 g6 19. Ne4 b6 20. c4 Kf7 21.
fxg6+ hxg6 22. Nc3 Ne6 23. Nd5 Bd6 24. g3 b5 25. Rac1 c6 26. Nc3 Be5 27. Rxd8
Rxd8 28. b3 f5 29. Ne2 g5 30. f4 Bd4 31. Bxd4 cxd4 32. fxg5 Nxg5 33. cxb5 d3 34.
Nf4 d2 35. Rd1 cxb5 36. Kf2 Ne4+ 37. Ke3 Re8 38. Kf3 Rc8 39. Ne2 Kf6 40. g4 Rh8
41. gxf5 Rxh2 42. Kxe4 Rxe2+ 43. Kd3 Re5 44. Rxd2 Kxf5 45. Kc3 a5 46. Rd6 Ke4
47. Rd4+ Ke3 48. Rd3+ Ke4 49. Rd4+ Ke3 50. Rd3+ Ke4 51. Rd4+ 1/2-1/2

[Event "World Rapid 2019"]
[Site "Moscow RUS"]
[Date "2019.12.28"]
[Round "11.65"]
[White "Golubov, Saveliy"]
[Black "Rychagov, Andrey"]
[Result "1-0"]
[WhiteTitle "IM"]
[BlackTitle "GM"]
[WhiteElo "2469"]
[BlackElo "2545"]
[WhiteFideId "24176729"]
[BlackFideId "4119932"]
[EventDate "2019.12.26"]

1. d4 d5 2. Nf3 Nf6 3. c3 c6 4. Bf4 Bg4 5. Ne5 Bf5 6. Nd2 Nbd7 7. e3 Nxe5 8.
dxe5 Nd7 9. g4 Bg6 10. h4 h5 11. e6 fxe6 12. gxh5 Bxh5 13. Be2 Bxe2 14. Qxe2 e5
15. Qg4 Qb6 16. Qg6+ Kd8 17. Bg5 Kc7 18. O-O-O Rd8 19. Nf3 Kc8 20. Qe6 Qc7 21.
e4 Kb8 22. exd5 Nc5 23. Qxe5 Qxe5 24. Nxe5 Rxd5 25. c4 Rxd1+ 26. Rxd1 Ne6 27.
Ng6 Rg8 28. f4 Kc7 29. f5 Nxg5 30. hxg5 e6 31. fxe6 Bd6 32. Rf1 Re8 33. Rf7+ Kb6
34. e7 Kc5 35. b3 b5 36. cxb5 cxb5 37. Rxg7 Kd4 38. Rf7 Rc8+ 39. Kd1 1-0

[Event "World Rapid 2019"]
[Site "Moscow RUS"]
[Date "2019.12.28"]
[Round "11.66"]
[White "Sarana, Alexey"]
[Black "Rozum, Ivan"]
[Result "1-0"]
[WhiteTitle "GM"]
[BlackTitle "GM"]
[WhiteElo "2663"]
[BlackElo "2573"]
[WhiteFideId "24133795"]
[BlackFideId "24104272"]
[EventDate "2019.12.26"]

1. Nf3 Nf6 2. g3 d5 3. Bg2 c6 4. O-O Bg4 5. c4 e6 6. Qb3 Qb6 7. d3 Nbd7 8. Nc3
Be7 9. Be3 Qxb3 10. axb3 a6 11. h3 Bh5 12. g4 Bg6 13. Nh4 Nxg4 14. Nxg6 Nxe3 15.
Nxh8 Nxf1 16. Rxf1 Bf6 17. e3 Nc5 18. d4 Nxb3 19. cxd5 cxd5 20. Nxd5 exd5 21.
Bxd5 Nxd4 22. Nxf7 Nb5 23. e4 Bxb2 24. Rb1 Nc3 25. Rxb2 Nxd5 26. Rxb7 Ne7 27.
Ng5 Rc8 28. Ne6 Rc1+ 29. Kg2 g6 30. Nc7+ Kf8 31. Nxa6 Rc4 32. f3 g5 33. Nc7 h6
34. Kg3 Rc1 35. h4 gxh4+ 36. Kxh4 Rg1 37. Ne6+ Kf7 38. Nf4 Kf6 39. Kh3 Kg5 40.
Ne2 Re1 41. Rxe7 Rxe2 42. Kg3 h5 43. Re5+ Kg6 44. Ra5 Re3 45. Kf4 Rb3 46. Ra6+
Kg7 47. e5 h4 48. Kg4 h3 49. Ra2 Kf7 50. Rh2 Ke6 51. Rxh3 Rb8 52. f4 Rg8+ 53.
Kf3 Kd5 54. Rh6 1-0

[Event "World Rapid 2019"]
[Site "Moscow RUS"]
[Date "2019.12.28"]
[Round "11.67"]
[White "Gareyev, Timur"]
[Black "Mesropov, Konstantin"]
[Result "1-0"]
[WhiteTitle "GM"]
[BlackTitle "IM"]
[WhiteElo "2598"]
[BlackElo "2422"]
[WhiteFideId "14200937"]
[BlackFideId "4116887"]
[EventDate "2019.12.26"]

1. d4 e6 2. c4 b6 3. Nf3 Bb7 4. g3 Bb4+ 5. Bd2 Bxf3 6. exf3 Bxd2+ 7. Qxd2 d5 8.
Nc3 Nf6 9. g4 dxc4 10. Bxc4 O-O 11. O-O-O Nc6 12. f4 Nxg4 13. Rhg1 Nh6 14. d5
Na5 15. Bd3 Nf5 16. Qe2 Qf6 17. Kb1 Nd6 18. Qe5 Kh8 19. Rg3 Nac4 20. Qe2 b5 21.
dxe6 fxe6 22. Rdg1 Nf5 23. Rh3 Ncd6 24. Qh5 Qh6 25. Qf3 Qf6 26. Qc6 b4 27. Na4
Rad8 28. Nc5 Rf7 29. Re1 Re8 30. Nd7 Qd4 31. Ne5 Rf6 32. Qf3 g6 33. Rd1 Qc5 34.
Rc1 Qd5 35. Rxc7 h6 36. Qg4 Rg8 37. Rxh6+ Nxh6 38. Qh4 Qh1+ 39. Rc1 Qxc1+ 40.
Kxc1 Kg7 41. Kb1 Nhf5 42. Qh3 Rh8 43. Qf3 Rd8 44. Qc6 Rff8 45. Qc7+ Kg8 46. Nxg6
Rc8 47. Qxa7 Rf7 48. Qa6 Rfc7 49. b3 Rc3 50. Ne7+ Nxe7 51. Qxd6 Kf7 52. f5 Nxf5
53. Qxb4 Ne7 54. Qf4+ Nf5 55. Bxf5 exf5 56. Qxf5+ Ke7 57. h4 R3c5 58. Qe4+ Kf6
59. f3 Rc1+ 60. Kb2 Rf1 61. Qd4+ Ke7 62. Qe5+ Kd8 63. Qg5+ Kc7 64. Qe7+ Kc6 65.
Qe6+ Kb7 66. Qd7+ 1-0

[Event "World Rapid 2019"]
[Site "Moscow RUS"]
[Date "2019.12.28"]
[Round "11.69"]
[White "Vastrukhin, Oleg"]
[Black "Sasikiran, Krishnan"]
[Result "0-1"]
[WhiteTitle "IM"]
[BlackTitle "GM"]
[WhiteElo "2428"]
[BlackElo "2656"]
[WhiteFideId "4192770"]
[BlackFideId "5004985"]
[EventDate "2019.12.26"]

1. Nf3 d5 2. g3 g6 3. Bg2 Bg7 4. d4 Nf6 5. O-O c6 6. Nbd2 O-O 7. c4 a5 8. b3 Bf5
9. e3 Nbd7 10. Bb2 a4 11. Nh4 Bd3 12. Re1 Qa5 13. Ba3 Rfe8 14. cxd5 cxd5 15. Nb1
e5 16. Bb2 e4 17. Qd2 Qa6 18. Bf1 Bxf1 19. Rxf1 Qe6 20. Na3 axb3 21. axb3 Qh3
22. f4 exf3 23. Rxf3 Bh6 24. Nc2 Rac8 25. Nb4 Re6 26. Nd3 Ng4 27. Qg2 Qxg2+ 28.
Nxg2 Nxe3 29. Ndf4 Bxf4 30. Nxf4 Re4 31. Re1 Ng4 32. Rxe4 dxe4 33. Rc3 Rxc3 34.
Bxc3 f5 35. h3 Ngf6 36. Kf2 Kf7 37. h4 Nb6 38. Ba5 Nbd5 39. Nh3 h6 40. Bd2 e3+ 0-1

[Event "World Rapid 2019"]
[Site "Moscow RUS"]
[Date "2019.12.28"]
[Round "11.70"]
[White "Moiseenko, Vadim"]
[Black "Gajewski, Grzegorz"]
[Result "0-1"]
[WhiteTitle "GM"]
[BlackTitle "GM"]
[WhiteElo "2526"]
[BlackElo "2626"]
[WhiteFideId "4123700"]
[BlackFideId "1116207"]
[EventDate "2019.12.26"]

1. c4 e5 2. Nf3 Nc6 3. Nc3 Bb4 4. d4 e4 5. Ng5 f5 6. c5 h6 7. Nh3 g5 8. d5 Bxc3+
9. bxc3 Ne5 10. Qd4 d6 11. f4 exf3 12. cxd6 f2+ 13. Nxf2 cxd6 14. h4 g4 15. Bf4
Nf6 16. e3 Qe7 17. Be2 Bd7 18. O-O Rg8 19. Nd3 Nf7 20. Rab1 b6 21. Nb4 Ne4 22.
g3 Ne5 23. Kg2 Rc8 24. c4 a5 25. Na6 b5 26. cxb5 Rc2 27. Rb2 Nf3 28. Rxc2 Nxd4
29. exd4 Kf7 30. Bd3 Rc8 31. Rfc1 Rxc2+ 32. Rxc2 Nf6 33. b6 Nxd5 34. b7 Nxf4+
35. gxf4 Bc6+ 36. Rxc6 Qxb7 37. d5 Qb2+ 38. Rc2 Qd4 39. Rc7+ Kf6 40. Bc4 Qd2+
41. Kg3 Qe3+ 0-1

[Event "World Rapid 2019"]
[Site "Moscow RUS"]
[Date "2019.12.28"]
[Round "11.71"]
[White "Christiansen, Johan-Sebastian"]
[Black "Bosiocic, Marin"]
[Result "0-1"]
[WhiteTitle "GM"]
[BlackTitle "GM"]
[WhiteElo "2597"]
[BlackElo "2623"]
[WhiteFideId "1512668"]
[BlackFideId "14507927"]
[EventDate "2019.12.26"]

1. Nf3 Nf6 2. c4 e6 3. g3 d5 4. Bg2 Be7 5. d4 O-O 6. Qc2 b6 7. cxd5 exd5 8. Nc3
Bb7 9. O-O h6 10. Bf4 Na6 11. Rfd1 Re8 12. Rac1 c6 13. Ne5 Bd6 14. e4 Nb4 15.
Qb3 c5 16. Nxf7 Kxf7 17. Bxd6 Qxd6 18. e5 c4 19. Qa3 Qe7 20. Nb5 Rad8 21. exf6
gxf6 22. Qf3 a6 23. Nc3 Kf8 24. Qh5 Qg7 25. h4 Bc8 26. Bf3 Nd3 27. Nxd5 Be6 28.
Nxb6 Rxd4 29. Rc3 Red8 30. b3 f5 31. Nxc4 Nf4 32. Rxd4 Rxd4 33. Ne3 Nxh5 34.
Bxh5 f4 35. Nf1 Rd5 36. Rc6 Rxh5 37. Rxe6 Re5 38. Rxa6 Kg8 39. Ra4 Re1 40. Rxf4
Qa1 41. a4 Rxf1+ 42. Kg2 Rg1+ 43. Kf3 Qd1+ 44. Ke4 Re1+ 45. Kf5 Qd7+ 46. Kg6
Re6+ 47. Kh5 Re5+ 48. Kxh6 Qg7# 0-1

[Event "World Rapid 2019"]
[Site "Moscow RUS"]
[Date "2019.12.28"]
[Round "11.72"]
[White "Romanov, Evgeny"]
[Black "Vishnu Prasanna, V"]
[Result "0-1"]
[WhiteTitle "GM"]
[BlackTitle "GM"]
[WhiteElo "2604"]
[BlackElo "2493"]
[WhiteFideId "4148843"]
[BlackFideId "5030692"]
[EventDate "2019.12.26"]

1. d4 Nf6 2. Nf3 g6 3. Bg5 Bg7 4. Nbd2 d6 5. e4 h6 6. Bh4 g5 7. Bg3 Nh5 8. c3 e6
9. Nc4 Nc6 10. Bd3 Ne7 11. e5 Nxg3 12. hxg3 b6 13. exd6 cxd6 14. Qa4+ Kf8 15.
Qa3 d5 16. Nd6 Bd7 17. Ne5 Be8 18. f4 Bxe5 19. fxe5 Kg7 20. O-O Nc8 21. Nxc8
Rxc8 22. Rf6 a5 23. Raf1 b5 24. Be2 b4 25. cxb4 Qb6 26. Qe3 axb4 27. Bd3 b3 28.
axb3 Rc7 29. Rxh6 Kxh6 30. Qf2 Kg7 0-1

[Event "World Rapid 2019"]
[Site "Moscow RUS"]
[Date "2019.12.28"]
[Round "11.73"]
[White "Tsvetkov, Andrey"]
[Black "Tari, Aryan"]
[Result "1-0"]
[WhiteTitle "FM"]
[BlackTitle "GM"]
[WhiteElo "2350"]
[BlackElo "2634"]
[WhiteFideId "34139360"]
[BlackFideId "1510045"]
[EventDate "2019.12.26"]

1. d4 Nf6 2. c4 e6 3. Nc3 Bb4 4. f3 d5 5. a3 Bxc3+ 6. bxc3 Nc6 7. cxd5 exd5 8.
e3 Bf5 9. Ne2 O-O 10. g4 Nxg4 11. fxg4 Qh4+ 12. Ng3 Be4 13. Qe2 Bxh1 14. Qf2
Qxg4 15. Nxh1 Rae8 16. Ng3 Re6 17. Bg2 Ne7 18. Ra2 Rf6 19. Qe2 Qh4 20. Qh5 Qxh5
21. Nxh5 Rh6 22. Nf4 c6 23. h3 Nf5 24. Nd3 Re8 25. Re2 Rhe6 26. Kf2 Nd6 27. a4
b6 28. Ba3 Nc4 29. Bc1 g5 30. h4 h6 31. hxg5 hxg5 32. Nb2 Nd6 33. Nd3 Ne4+ 34.
Bxe4 dxe4 35. Ne5 f6 36. Ng4 Kg7 37. c4 Kg6 38. Kg3 Rh8 39. d5 cxd5 40. cxd5 Rd6
41. Rf2 Rh1 42. Ba3 Rxd5 43. Rxf6+ Kh7 44. Rf7+ Kg6 45. Rf6+ Kh7 46. Rf2 Rg1+
47. Kh3 Rdd1 48. Rf7+ Kg6 49. Ne5+ Kh6 50. Bf8+ 1-0

[Event "World Rapid 2019"]
[Site "Moscow RUS"]
[Date "2019.12.28"]
[Round "11.74"]
[White "Carlsson, Pontus"]
[Black "Grigoriants, Sergey"]
[Result "1/2-1/2"]
[WhiteTitle "GM"]
[BlackTitle "GM"]
[WhiteElo "2456"]
[BlackElo "2542"]
[WhiteFideId "1705814"]
[BlackFideId "4130804"]
[EventDate "2019.12.26"]

1. e4 e5 2. Nf3 Nc6 3. d4 exd4 4. Nxd4 Nf6 5. Nc3 Bb4 6. Nxc6 bxc6 7. Bd3 d5 8.
exd5 O-O 9. O-O Bg4 10. f3 Bh5 11. Bg5 Qd6 12. Kh1 Bxc3 13. bxc3 cxd5 14. Qd2
Bg6 1/2-1/2

[Event "World Rapid 2019"]
[Site "Moscow RUS"]
[Date "2019.12.28"]
[Round "11.75"]
[White "Pigusov, Evgeny"]
[Black "Savchenko, Boris"]
[Result "1/2-1/2"]
[WhiteTitle "GM"]
[BlackTitle "GM"]
[WhiteElo "2555"]
[BlackElo "2577"]
[WhiteFideId "4100514"]
[BlackFideId "4147332"]
[EventDate "2019.12.26"]

1. Nf3 c5 2. c4 Nc6 3. Nc3 Nf6 4. g3 d6 5. Bg2 Bd7 6. d4 cxd4 7. Nxd4 g6 8. O-O
Bg7 9. e3 h5 10. b3 h4 11. Bb2 Qc8 12. Nd5 Kf8 13. Nxc6 Bxc6 14. e4 hxg3 15.
hxg3 Ne8 16. Bxg7+ Nxg7 17. Rc1 Qd8 18. f4 Rh7 19. Bf3 e5 20. Bg4 exf4 21. Rxf4
Qg5 22. Qf3 Nh5 23. Bxh5 Qxh5 24. Qxh5 Rxh5 25. Rcf1 Rh7 26. Nf6 Rh3 27. Kg2 Rh8
28. Nd5 Rh7 29. Nc7 Rb8 30. Ne6+ Kg8 31. Ng5 Rg7 32. Nxf7 g5 33. Rf6 Bxe4+ 34.
Kg1 d5 35. Nh6+ Kh7 36. Ng4 Re7 37. Rf7+ Rxf7 38. Rxf7+ Kg6 39. Ne5+ Kh6 40.
Rf6+ Kg7 41. Rf7+ Kh6 42. Rf6+ Kg7 43. Rf7+ Kg8 44. Rc7 Rf8 45. Rxb7 dxc4 46.
Rb4 Bb1 47. bxc4 Bxa2 48. Rb2 Rf5 49. Rxa2 Rxe5 50. Rxa7 Re3 51. Kf2 Rc3 52. Rc7
g4 53. c5 Kf8 54. c6 Ke8 55. Rc8+ Ke7 56. c7 Rf3+ 57. Kg2 Rc3 58. Kf2 Rf3+ 59.
Ke2 Kd6 60. Rg8 Kxc7 61. Rxg4 Ra3 62. Kf2 Kd6 63. Re4 Ra8 64. Kf3 Rf8+ 65. Rf4
Rg8 66. g4 Ke5 67. Rf7 Ke6 68. Rf5 Ra8 69. Kf4 Rb8 70. Kg5 Rg8+ 71. Kh4 Rh8+ 72.
Rh5 Rg8 73. Rh7 Kf6 1/2-1/2

[Event "World Rapid 2019"]
[Site "Moscow RUS"]
[Date "2019.12.28"]
[Round "11.76"]
[White "Donchenko, Alexander"]
[Black "Lobanov, Sergei"]
[Result "1-0"]
[WhiteTitle "GM"]
[BlackTitle "IM"]
[WhiteElo "2644"]
[BlackElo "2504"]
[WhiteFideId "24603295"]
[BlackFideId "24183750"]
[EventDate "2019.12.26"]

1. e4 c6 2. d4 d5 3. e5 Bf5 4. h4 h5 5. Bd3 Bxd3 6. Qxd3 e6 7. Bg5 Qa5+ 8. Nd2
Qa6 9. c4 Nh6 10. Bxh6 Rxh6 11. Ngf3 dxc4 12. Nxc4 Bb4+ 13. Ke2 Nd7 14. Nd6+
Bxd6 15. Qxa6 bxa6 16. exd6 Rb8 17. b3 f6 18. Rac1 Rb6 19. Kd3 Nb8 20. Rhe1 Kd7
21. Nd2 Rh8 22. Re3 Rb5 23. Rce1 Re8 24. Rg3 g5 25. Ne4 Rf5 26. Rh1 g4 27. f3
Rg8 28. fxg4 hxg4 29. h5 Ke8 30. h6 Nd7 31. Rxg4 Kf7 32. Rxg8 Kxg8 33. Rc1 Rd5
34. Rxc6 Ne5+ 35. Ke3 Nxc6 36. Nxf6+ Kf7 37. Nxd5 exd5 38. g4 Kg6 39. g5 Nd8 40.
d7 a5 41. Kd3 Ne6 42. Kc3 Kf7 43. Kb2 1-0

[Event "World Rapid 2019"]
[Site "Moscow RUS"]
[Date "2019.12.28"]
[Round "11.77"]
[White "Luukkonen, Tommi"]
[Black "Sychev, Klementy"]
[Result "0-1"]
[WhiteTitle "FM"]
[BlackTitle "GM"]
[WhiteElo "2290"]
[BlackElo "2563"]
[WhiteFideId "501808"]
[BlackFideId "4114060"]
[EventDate "2019.12.26"]

1. d4 g6 2. e4 Bg7 3. Nf3 d6 4. Bc4 Nf6 5. Qe2 Nc6 6. O-O Bg4 7. Rd1 e5 8. c3
O-O 9. h3 Bxf3 10. Qxf3 Nd7 11. Be3 Kh8 12. Qg3 Qe8 13. dxe5 Ndxe5 14. Be2 f5
15. exf5 gxf5 16. Na3 Ng6 17. Bh5 f4 18. Bxf4 Rxf4 19. Bxg6 Qf8 20. Bc2 Be5 21.
Nb5 Qf7 22. Qe3 Rf8 23. Rd2 Qg7 24. Be4 Re8 25. Kh1 Rh4 26. Re2 Bf4 27. Qf3 Ne5
28. Bxb7 Qh6 29. Nd4 Rf8 30. Rxe5 dxe5 31. Ne2 Bg5 32. Qg3 Bf4 33. Qd3 Bg5 34.
Qg3 Bf4 35. Qd3 Qb6 36. Bf3 Qxf2 37. Nxf4 Rhxf4 38. Qd5 Rxf3 39. gxf3 Qg3 40.
Qd2 Qxh3+ 41. Qh2 Qxf3+ 42. Qg2 Qh5+ 43. Qh2 Qf3+ 44. Qg2 Qh5+ 45. Qh2 Qf5 46.
Re1 e4 47. Qg2 Qh5+ 48. Qh2 Qf3+ 49. Qg2 Qh5+ 50. Qh2 Qd5 51. Qg2 Rg8 52. Qh3
e3+ 0-1

[Event "World Rapid 2019"]
[Site "Moscow RUS"]
[Date "2019.12.28"]
[Round "11.78"]
[White "Ruck, Robert"]
[Black "Potapov, Pavel"]
[Result "1-0"]
[WhiteTitle "GM"]
[BlackTitle "GM"]
[WhiteElo "2530"]
[BlackElo "2482"]
[WhiteFideId "705713"]
[BlackFideId "4169786"]
[EventDate "2019.12.26"]

1. e4 c5 2. Nf3 Nc6 3. Bb5 g6 4. O-O Bg7 5. c3 Nf6 6. Re1 O-O 7. h3 e5 8. d4
cxd4 9. cxd4 d5 10. Bg5 dxe4 11. Bxc6 bxc6 12. Nxe5 Qb6 13. Qc2 Qxd4 14. Nxc6
Qd6 15. Nd2 Bf5 16. Bxf6 Qxf6 17. Nxe4 Qh4 18. Rac1 Rfe8 19. f3 Re6 20. b4 Rae8
21. Qf2 Qf4 22. b5 h5 23. a4 h4 24. Rc4 Bxe4 25. fxe4 Qxf2+ 26. Kxf2 f5 27. e5
Kf7 28. Rxh4 g5 29. Rd4 Bxe5 30. Rd7+ Kf6 31. Nxe5 Rxe5 32. Rxe5 1-0

[Event "World Rapid 2019"]
[Site "Moscow RUS"]
[Date "2019.12.28"]
[Round "11.79"]
[White "Iljiushenok, Ilia"]
[Black "Gundavaa, Bayarsaikhan"]
[Result "1-0"]
[WhiteTitle "GM"]
[BlackTitle "GM"]
[WhiteElo "2521"]
[BlackElo "2489"]
[WhiteFideId "24105074"]
[BlackFideId "4901045"]
[EventDate "2019.12.26"]

1. e4 e5 2. Nf3 Nc6 3. d4 exd4 4. Nxd4 Bc5 5. Nb3 Bb6 6. Qe2 d6 7. Nc3 Nf6 8.
Be3 Qe7 9. O-O-O Be6 10. f3 O-O-O 11. Bxb6 axb6 12. Nd4 Kb8 13. Qe3 Rhe8 14. Bb5
Bd7 15. Bc4 Na5 16. Qd3 c6 17. Nb3 Nxc4 18. Qxc4 b5 19. Qd4 Bc8 20. Rhe1 Qe5 21.
Qb6 Nd7 22. Qf2 Kc7 23. f4 Qf6 24. Nd4 Kb8 25. a3 g5 26. g3 gxf4 27. gxf4 Nc5
28. Kb1 Ne6 29. Ndxb5 cxb5 30. Nxb5 Nc5 31. e5 Qe6 32. Nxd6 Na4 33. f5 Qd7 34.
e6 fxe6 35. Nxe8 Qb5 36. Qg3+ e5 37. Qb3 Rxd1+ 38. Rxd1 Qxe8 39. f6 Be6 40. Qb4
Kc8 41. b3 e4 42. Qxa4 1-0

[Event "World Rapid 2019"]
[Site "Moscow RUS"]
[Date "2019.12.28"]
[Round "11.80"]
[White "Frolyanov, Dmitry"]
[Black "Kazhgaleyev, Murtas"]
[Result "1/2-1/2"]
[WhiteTitle "GM"]
[BlackTitle "GM"]
[WhiteElo "2556"]
[BlackElo "2569"]
[WhiteFideId "4151976"]
[BlackFideId "13700316"]
[EventDate "2019.12.26"]

1. e4 e6 2. d4 d5 3. Nc3 Bb4 4. e5 c5 5. a3 Ba5 6. Qg4 Ne7 7. dxc5 Bxc3+ 8. bxc3
O-O 9. Bd3 Nd7 10. Nf3 Nf5 11. O-O Nxc5 12. a4 Qc7 13. Ba3 Bd7 14. c4 dxc4 15.
Qxc4 Rfc8 16. Bxf5 exf5 17. Ng5 Be6 18. Qf4 Nd7 19. Bd6 Qc4 20. Nxe6 Qxe6 21.
Qf3 Nxe5 22. Bxe5 Qxe5 23. Qxb7 Qc7 24. Qxc7 Rxc7 25. Rfc1 Rac8 26. Ra2 g5 27.
Kf1 Kg7 28. Rb2 Rc4 29. Rb5 Kg6 30. a5 R8c5 31. Rxc5 Rxc5 32. c4 Kf6 33. Ke2 Ke6
34. Kd3 Rxa5 35. Kd4 Ra2 36. c5 Kd7 37. Kd5 Rd2+ 38. Ke5 Rxf2 39. Ra1 Rxg2 40.
Rxa7+ Kc6 41. Kxf5 h5 42. h4 gxh4 43. Ra6+ Kxc5 44. Rh6 h3 45. Rxh5 h2 46. Kf4+
Kd6 47. Kf3 Ra2 48. Kg3 Ke6 49. Rh8 Ke5 50. Kf3 Kf5 51. Kg3 Rd2 52. Rh5+ Ke4 53.
Rh8 f5 54. Re8+ Kd3 55. Rh8 Kc2 56. Rh7 Kd1 57. Ra7 h1=N+ 58. Kf4 Rf2+ 59. Ke5
Ng3 60. Ra3 f4 61. Ra1+ Ke2 62. Ra2+ Kf1 63. Rxf2+ Kxf2 64. Kxf4 1/2-1/2

[Event "World Rapid 2019"]
[Site "Moscow RUS"]
[Date "2019.12.28"]
[Round "11.81"]
[White "Reshetnikov, Alexey"]
[Black "Harsha, Bharathakoti"]
[Result "0-1"]
[WhiteTitle "IM"]
[BlackTitle "GM"]
[WhiteElo "2492"]
[BlackElo "2523"]
[WhiteFideId "4162080"]
[BlackFideId "5078776"]
[EventDate "2019.12.26"]

1. d4 d5 2. c4 e6 3. Nc3 c6 4. Nf3 Nf6 5. cxd5 exd5 6. Qc2 g6 7. Bg5 Be7 8. e4
dxe4 9. Bxf6 Bxf6 10. Qxe4+ Qe7 11. Bc4 Bf5 12. Qxe7+ Kxe7 13. O-O Rd8 14. Rfe1+
Kf8 15. Rad1 Nd7 16. h3 h5 17. Ne4 Bxe4 18. Rxe4 Nb6 19. Bb3 Rd6 20. Rf4 Kg7 21.
Ne5 Nd5 22. Rf3 Re8 23. Nc4 Rde6 24. Kf1 Bxd4 25. Rfd3 Bf6 26. g3 h4 27. gxh4
Bxh4 28. Na5 Rf6 29. R1d2 Nf4 30. Rf3 Re7 31. Nc4 Ne6 32. Rxf6 Bxf6 33. Nd6 Nd4
34. Bxf7 Rd7 0-1

[Event "World Rapid 2019"]
[Site "Moscow RUS"]
[Date "2019.12.28"]
[Round "11.84"]
[White "Gasanov, Eldar"]
[Black "Mamatov, Melis"]
[Result "0-1"]
[WhiteTitle "GM"]
[WhiteElo "2481"]
[BlackElo "2292"]
[WhiteFideId "14104466"]
[BlackFideId "13800027"]
[EventDate "2019.12.26"]

1. e4 c5 2. Nc3 a6 3. g3 b5 4. Bg2 Bb7 5. d3 e6 6. Nh3 Be7 7. O-O d6 8. f4 Nf6
9. Kh1 Nbd7 10. g4 h6 11. Qe2 Qc7 12. Be3 Nb6 13. a4 Bc6 14. axb5 axb5 15. Rxa8+
Nxa8 16. g5 hxg5 17. fxg5 Nd7 18. g6 f6 19. Nf4 Nf8 20. Qg4 Qd7 21. Ra1 b4 22.
Nb5 e5 23. Qxd7+ Kxd7 24. Ra7+ Kd8 25. Nd5 Bxd5 26. exd5 Nb6 27. Rb7 Nc8 28. Be4
Rh5 29. Bf3 Rh4 30. Bf2 Rf4 31. Kg2 Nxg6 32. Nc7 Nf8 33. Bg3 Rf5 34. h4 Rxf3 35.
Kxf3 f5 36. h5 Bf6 37. c3 bxc3 38. bxc3 Nd7 39. Ne6+ Ke7 40. c4 Ke8 41. Ra7 Nxa7 0-1